| 000 | nam a22 7a 4500 | ||
|---|---|---|---|
| 999 |
_c127694 _d127694 |
||
| 008 | 180320b xxu||||| |||| 00| 0 eng d | ||
| 020 | _a9782070384259 | ||
| 050 |
_aPQ9697.A647 _bT4 |
||
| 100 |
_aAmado, Jorge _940746 |
||
| 245 |
_aLes terres du bout du monde _btraduit du portugais par Isabel Meyrelles _cJorge Amando |
||
| 260 |
_aParis _bGallimard _c1985 |
||
| 300 |
_a379p. ; _c18cm. |
||
| 440 |
_aFolio _nNo. 2313 _940972 |
||
| 942 |
_2lcc _cMONOGRAPH |
||